000 00572nam a22001697a 4500
003 NUST
038 _aMr. Zahoor
082 _a621.3
100 _aMuhammad Waqas Zafar
_915707
245 _aNon- Linear Controller Design For Tracking Blood-Glucose Level In Diabetes Type 1 Patients /
_cMuhammad Waqas Zafar
260 _aIslamabad :
_bSEECS - NUST,
_c2018.
300 _aviii, 36 p. : ill. ;
_c30 cm.
500 _aHardcover.
600 _aElectrical Engineering - MS Thesis
_915630
856 _uhttp://10.250.8.41:8080/xmlui/handle/123456789/21881
942 _2ddc
_cTHE
999 _c524908
_d524908